Normal view
MARC view
- Ms Kishwar Sameen Gulzar
Entry Personal Name
001 - CONTROL NUMBER
- control field: 18243
003 - CONTROL NUMBER IDENTIFIER
- control field: NUST
005 - DATE AND TIME OF LATEST TRANSACTION
- control field: 20190721120007.0
008 - FIXED-LENGTH DATA ELEMENTS
- fixed length control field: 190721|| aca||aabn | a|a d
040 ## - CATALOGING SOURCE
- Original cataloging agency: NUST
- Transcribing agency: NUST
100 ## - HEADING--PERSONAL NAME
- Personal name: Ms Kishwar Sameen Gulzar
670 ## - SOURCE DATA FOUND
- Source citation: Work cat.: (NUST): Rashid, Fatima 18242, Democracy and political conflict management /, 2015.
